00587 2200193 4500001002100000005001500021035002000036245006000056100001600116250002000132300003100152856001800183260006500201082001600266084002200282020002200304650003900326650002800365INLIS00000000000007120250710120849 a0010-07250000711 aDOT Kisah sebuah buku kecil yang bahagia /cSonia Mehta0 aSonia Mehta aCetakan Pertama a16 hlm. :bIlus. ;c29 cm. aTBM AS SUHADA aRawamangun :bBadan Pengembangan dan Pembinaan Bahasa,c2022 a398.209 598 a398.209 598 MEH d a978-623-307-326-4 4aCerita Anak Indonesia - Terjemahan 4aLiterasi - Bahan bacaan